[Event "BCF-ch"]
[Site "Southport"]
[Date "1983.??.??"]
[Round "1"]
[White "Speelman, Jonathan S"]
[Black "Hawksworth, John C"]
[Result "1-0"]
[WhiteElo "2535"]
[BlackElo "2325"]

1.d4 Nf6 2.Nf3 e6 3.g3 b6 4.Bg2 Bb7 5.c4 Be7 6.Nc3 O-O 7.O-O Ne4 8.Bd2 Nxc3
9.Bxc3 d5 10.cxd5 exd5 11.b4 c6 12.a4 Nd7 13.Qb3 Rb8 14.e3 Qc7 15.Rfd1 Rfd8
16.Rac1 Qd6 17.Ne5 Nxe5 18.dxe5 Qe6 19.Rd2 c5 20.b5 Qg4 21.Rxd5 Bxd5 22.Bxd5 Qf5
23.Qc4 h5 24.Bb2 Rxd5 25.e4 Rd4 26.exf5 Rxc4 27.Rxc4 Rd8 28.Bc1 Rd5 29.Bf4 h4
30.Kg2 g5 31.fxg6 fxg6 32.gxh4 Bxh4 33.e6 Rf5 34.f3 Bd8 35.Bd6  1-0

[Event "BCF-ch"]
[Site "Southport"]
[Date "1983.??.??"]
[Round "3"]
[White "Speelman, Jonathan S"]
[Black "Cummings, David H"]
[Result "1-0"]
[WhiteElo "2535"]
[BlackElo "2360"]

1.d4 Nf6 2.Nf3 b6 3.g3 Bb7 4.c4 g6 5.Nc3 Ne4 6.Nxe4 Bxe4 7.Bh3 Bg7 8.O-O Bxf3
9.exf3 Nc6 10.Be3 O-O 11.d5 Na5 12.Qe2 e6 13.Rad1 exd5 14.cxd5 Re8 15.f4 Nb7
16.f5 Nd6 17.fxg6 hxg6 18.Qc2 Re4 19.b3 a5 20.Bg2 Re8 21.Bf4 a4 22.bxa4 Ra7
23.Rc1 Qa8 24.h4 Be5 25.Bxe5 Rxe5 26.Rfe1 Rxe1+ 27.Rxe1 Qd8 28.h5 Qf6 29.hxg6 fxg6
30.Bh3 Qg7 31.Qc1 g5 32.Bg4 Kf8 33.Kg2 Ne8 34.Re3 Rxa4 35.Bh5 Nf6 36.Qxc7 Ra8
37.Qd6+ Kg8 38.Re7 Qh6 39.Bf7+ Kh8 40.Re1 Rxa2 41.Rh1 Rxf2+ 42.Kxf2 Ne4+
43.Ke3 Qxh1 44.Qf8+  1-0

[Event "BCF-ch"]
[Site "Southport"]
[Date "1983.??.??"]
[Round "4"]
[White "Ravikumar, Vaidyanathan"]
[Black "Speelman, Jonathan S"]
[Result "1/2-1/2"]
[WhiteElo "2390"]
[BlackElo "2535"]

1.d4 Nf6 2.c4 e6 3.Nf3 b6 4.Nc3 Bb4 5.e3 O-O 6.Bd3 Bb7 7.O-O c5 8.a3 Bxc3
9.bxc3 Ne4 10.Ne1 f5 11.f3 Nd6 12.a4 Nc6 13.Ba3 Na5 14.dxc5 Ndxc4 15.Bxc4 Nxc4
16.c6 Bxc6 17.Bxf8 Qxf8 18.Qd4 Na5 19.Qb4  1/2-1/2

[Event "BCF-ch"]
[Site "Southport"]
[Date "1983.??.??"]
[Round "5"]
[White "Speelman, Jonathan S"]
[Black "Bradbury, Neil H"]
[Result "1/2-1/2"]
[WhiteElo "2535"]
[BlackElo "2295"]

1.d4 Nf6 2.Nf3 b6 3.g3 Bb7 4.c4 c5 5.d5 g6 6.Nc3 Bg7 7.Bg2 O-O 8.O-O d6 9.e4 Nbd7
10.h3 Ne8 11.Bg5 h6 12.Be3 Kh7 13.Qc2 Nc7 14.Rfe1 Rb8 15.a4 Na6 16.Bf4 Nb4
17.Qd2 Nf6 18.g4 Rc8 19.Rad1 a6 20.Qc1 Ne8 21.e5 dxe5 22.Nxe5 Nd6 23.b3 f6
24.Nd3 Rf7 25.Re6 Qf8 26.Nxb4 cxb4 27.Ne4 Rd8 28.Qe3 Bc8 29.Nxd6 exd6 30.Qxb6 Bxe6
31.dxe6 Re7 32.Rxd6 Rxd6 33.Qxd6 Re8 34.Bd5 f5 35.gxf5 Qxf5 36.Bg3 Bf6 37.Qxb4 h5
38.h4 Qg4 39.Qd6 Bxh4 40.Qf4 Qxf4 41.Bxf4 Be7 42.Bd2  1/2-1/2

[Event "BCF-ch"]
[Site "Southport"]
[Date "1983.??.??"]
[Round "7"]
[White "Speelman, Jonathan S"]
[Black "Pritchett, Craig William"]
[Result "1-0"]
[WhiteElo "2535"]
[BlackElo "2400"]

1.Nf3 e6 2.g3 f5 3.Bg2 Nf6 4.O-O Be7 5.c4 O-O 6.d4 Ne4 7.b3 Bf6 8.Bb2 Nc6
9.Nbd2 Nxd2 10.Qxd2 d6 11.d5 Ne7 12.dxe6 Bxe6 13.Ng5 Bxg5 14.Qxg5 Rf7 15.Bxb7 Rb8
16.Bg2 Bxc4 17.bxc4 Rxb2 18.Bd5 Qf8 19.Bxf7+ Qxf7 20.Rfb1 h6 21.Qe3 Rb6 22.c5 dxc5
23.Qxc5 Ng6 24.Rc1 Kh7 25.Qxc7 Qd5 26.Qc4 Qe5 27.Rab1 Re6 28.Rb7 Ne7 29.e3 Rc6
30.Qf1 Rg6 31.Qb5 Qe4 32.Qb4  1-0

[Event "BCF-ch"]
[Site "Southport"]
[Date "1983.??.??"]
[Round "8"]
[White "Botterill, George Steven"]
[Black "Speelman, Jonathan S"]
[Result "1/2-1/2"]
[WhiteElo "2410"]
[BlackElo "2535"]

1.d4 Nf6 2.c4 e6 3.Nc3 Bb4 4.Qc2 O-O 5.Nf3 d6 6.Bd2 b6 7.a3 Bxc3 8.Bxc3 Bb7
9.b4 Ne4 10.Bb2 Nd7 11.e3 f5 12.Bd3 Qe7 13.O-O c5 14.dxc5 bxc5 15.b5 Rad8
16.a4 Rf7 17.Rad1 Ba8 18.Ne1 d5 19.Nf3 Nd6 20.Ne5 Nxe5 21.Bxe5 Rdf8 22.f3 h6
23.Rd2 Ne8 24.Rc1 Nf6 25.Bxf6 Qxf6 26.cxd5 Bxd5 27.Qxc5 Qg5 28.Bc4 Rc7 29.Qxc7 Qxe3+  1/2-1/2

[Event "BCF-ch"]
[Site "Southport"]
[Date "1983.??.??"]
[Round "9"]
[White "Speelman, Jonathan S"]
[Black "Cox, John J"]
[Result "1/2-1/2"]
[WhiteElo "2535"]
[BlackElo "2355"]

1.d4 Nf6 2.c4 e6 3.g3 d5 4.Nf3 Be7 5.Bg2 O-O 6.O-O dxc4 7.Qc2 a6 8.Qxc4 b5
9.Qc2 Bb7 10.Bd2 Nc6 11.e3 Nb4 12.Bxb4 Bxb4 13.a3 Be7 14.Nbd2 Rc8 15.b4 a5
16.Ne5 Bxg2 17.Kxg2 axb4 18.Nc6 Qd7 19.axb4 Nd5 20.Rab1 Ra8 21.e4 Nb6 22.Ne5 Qd6
23.Rfc1 Rfc8 24.Qc5 Qd8 25.Qxb5 Qxd4 26.Nc6 Qd7 27.Nf3 Bf8 28.Qe2 h6 29.Qc2 Ra4
30.Nfe5 Qe8 31.Ra1 Rxa1 32.Rxa1 Ra8 33.Rd1 Bd6 34.Ng4 e5 35.Ne3 Qe6 36.Rd2 g6
37.Qd3 Ra1 38.Rd1 Rxd1 39.Qxd1 h5 40.h4 Kg7 41.Qc2 Kg8  1/2-1/2

[Event "BCF-ch"]
[Site "Southport"]
[Date "1983.??.??"]
[Round "10"]
[White "Rogers, Ian"]
[Black "Speelman, Jonathan S"]
[Result "1-0"]
[WhiteElo "2450"]
[BlackElo "2535"]

1.d4 Nf6 2.c4 e6 3.g3 d5 4.Bg2 dxc4 5.Nf3 a6 6.O-O b5 7.Ne5 Nd5 8.Nc3 Bb7
9.e4 Nf6 10.d5 Be7 11.dxe6 fxe6 12.Qxd8+ Bxd8 13.a4 b4 14.Ne2 Bxe4 15.Nf4 Bxg2
16.Kxg2 Nfd7 17.Nxc4 Kf7 18.Nd3 Bf6 19.Rd1 Nb6 20.Nxb6 cxb6 21.Nxb4 a5 22.Nd3 Nd7
23.Be3 Rhb8 24.Rac1 Nc5 25.Nxc5 bxc5 26.Rxc5 Rxb2 27.Rd7+ Kg8 28.Rdc7 Rb4
29.Rc4 h6 30.Bd2 Rb2 31.Be3 Kh7 32.h4 Rd8 33.R4c6 Rb4 34.Rxe6 Ba1 35.Rxh6+ Kg8
36.Ra6 Rxa4 37.Rc5 Bd4 38.Bxd4 Raxd4 39.Rcxa5 Rf8 40.Ra8 Rxa8 41.Rxa8+ Kh7
42.Ra6  1-0

[Event "Hoogovens"]
[Site "Wijk aan Zee"]
[Date "1983.??.??"]
[Round "?"]
[White "Speelman, Jonathan S"]
[Black "Olafsson, Fridrik"]
[Result "0-1"]
[WhiteElo "2570"]
[BlackElo "2495"]

1.Nf3 Nf6 2.d4 e6 3.g3 b5 4.Bg2 Bb7 5.Bg5 c5 6.Bxf6 Qxf6 7.c3 cxd4 8.cxd4 Bb4+
9.Nc3 O-O 10.O-O a6 11.Rc1 Qd8 12.e3 Qb6 13.Ne5 Bxg2 14.Kxg2 d6 15.Nd3 Bxc3
16.Rxc3 Nc6 17.Qf3 Ne7 18.Rfc1 h6 19.Nb4 a5 20.Nc6 Nd5 21.R3c2 f5 22.Kh1 Rae8
23.g4 b4 24.gxf5 Rxf5 25.Qg3 Qb5 26.Qxd6 Qd3 27.Qg3 Rg5 28.Ne5 Qe4+ 29.Qf3 Rxe5
30.Qxe4 Rxe4 31.Rg1 Rf8 32.Rg2 a4 33.Rc5 Ra8 34.Rg3 a3 35.b3 Ra7 36.Kg2 Rh4
37.Rc4 Rc7 38.f4 Kf7 39.Rf3 Rxc4  0-1

[Event "Brighton zt"]
[Site "Brighton"]
[Date "1984.??.??"]
[Round "?"]
[White "Botterill, George Steven"]
[Black "Speelman, Jonathan S"]
[Result "1/2-1/2"]
[WhiteElo "2430"]
[BlackElo "2500"]

1.Nf3 Nf6 2.c4 b6 3.d4 e6 4.Nc3 Bb4 5.Qc2 Bb7 6.a3 Bxc3+ 7.Qxc3 O-O 8.b4 d6
9.Bb2 Nbd7 10.e3 a6 11.Bd3 Ra7 12.O-O Qa8 13.Ne1 c5 14.f3 Rc8 15.Rd1 a5 16.bxc5 bxc5
17.d5 exd5 18.Bf5 Bc6 19.cxd5 Ba4 20.Rd2 Rb8 21.Bxd7 Bxd7 22.Rff2 Qb7 23.Qc4 Qb3
24.Qf4 Ne8 25.h4 Qa4 26.e4 Rb3 27.Rc2 Rab7 28.g4 c4 29.Qc1 Rc7 30.Rc3 Qb5
31.Ng2 Rb7 32.Rxb3 cxb3 33.Ne3 Qd3 34.Qd2 Qxd2 35.Rxd2 Bb5 36.Kf2  1/2-1/2

[Event "Brighton zt"]
[Site "Brighton"]
[Date "1984.??.??"]
[Round "?"]
[White "Speelman, Jonathan S"]
[Black "Mestel, A Jonathan"]
[Result "1-0"]
[WhiteElo "2500"]
[BlackElo "2545"]

1.Nf3 Nf6 2.c4 g6 3.g3 Bg7 4.Bg2 d6 5.O-O O-O 6.d4 c6 7.h3 Be6 8.b3 d5 9.Nc3 Ne4
10.Nxe4 dxe4 11.Ng5 Bf5 12.Be3 c5 13.dxc5 Bxa1 14.Qxa1 f6 15.Nxe4 Qc8 16.Kh2 Na6
17.Qd4 Rd8 18.Qc3 Bxe4 19.Bxe4 Nxc5 20.Bd5+ e6 21.Bg2 Nd7 22.Qb4 Rb8 23.Bxa7 Ra8
24.Bxb7 Qc7 25.Bxa8 Rxa8 26.Be3 Rxa2 27.Qe7 Qc6 28.Bh6 Qf3  1-0

[Event "Brighton zt"]
[Site "Brighton"]
[Date "1984.??.??"]
[Round "?"]
[White "Condie, Mark L"]
[Black "Speelman, Jonathan S"]
[Result "0-1"]
[WhiteElo "2360"]
[BlackElo "2500"]

1.d4 Nf6 2.c4 e6 3.Nc3 Bb4 4.e3 O-O 5.Bd3 d5 6.a3 Bxc3+ 7.bxc3 e5 8.Bb2 e4
9.Be2 c6 10.h4 Nbd7 11.cxd5 cxd5 12.Nh3 Nb6 13.Nf4 Nc4 14.Qb3 b5 15.a4 Bg4
16.Ba3 Re8 17.Bxc4 bxc4 18.Qc2 Nh5 19.Nxh5 Bxh5 20.Rb1 Re6 21.Rb7 Rg6 22.Kf1 h6
23.Rh3 Bg4 24.h5 Rg5 25.Rg3 Rxh5 26.Rxg4 Qc8 27.Rxe4 Qxb7 28.Re7 Rh1+ 29.Ke2 Qc8
30.f3 Rb8 31.Bd6 Rb6 32.Be5 Rhb1  0-1

[Event "BCF-ch"]
[Site "Brighton"]
[Date "1984.??.??"]
[Round "1"]
[White "Morrison, Graham"]
[Black "Speelman, Jonathan S"]
[Result "1/2-1/2"]
[WhiteElo "2335"]
[BlackElo "2500"]

1.Nf3 Nf6 2.c4 e6 3.Nc3 d5 4.d4 Be7 5.Bg5 O-O 6.e3 Nbd7 7.Rc1 a6 8.c5 c6
9.Bd3 e5 10.Bxf6 Bxf6 11.dxe5 Be7 12.Qc2 h6 13.Na4 Qa5+ 14.Ke2 Qc7 15.Bf5 Rb8
16.e6 fxe6 17.Bxe6+ Kh8 18.h4 b5 19.cxb6 Nxb6 20.Bxc8 Nxa4 21.Qxa4 Rxb2+
22.Rc2 Rxc2+ 23.Qxc2 Rxc8 24.Ng5 Bxg5 25.hxg5 Qd6 26.gxh6 gxh6 27.Qc3+ Kh7
28.Rb1 Rb8 29.Qd3+ Kg7 30.Qd4+ Kg6 31.Qd3+ Kg7 32.Rxb8 Qxb8 33.Qxa6 Qb2+
34.Kd3 Qb1+ 35.Kd2 Qb2+ 36.Kd3 Qb1+  1/2-1/2

[Event "BCF-ch"]
[Site "Brighton"]
[Date "1984.??.??"]
[Round "2"]
[White "Speelman, Jonathan S"]
[Black "Watts, David"]
[Result "1-0"]
[WhiteElo "2500"]
[BlackElo "2240"]

1.Nf3 Nf6 2.d4 g6 3.Bf4 Bg7 4.e3 O-O 5.Be2 d6 6.h3 Nbd7 7.O-O Qe8 8.Bh2 e5
9.a4 a5 10.Na3 Qe7 11.Nb5 Ne8 12.c4 f5 13.Qb3 Kh8 14.Rae1 g5 15.Qa3 g4 16.Nxe5 Nxe5
17.dxe5 Bxe5 18.Bxe5+ Qxe5 19.hxg4 c6 20.f4 Qe7 21.Qc3+ Kg8 22.Nd4 fxg4 23.e4 Nf6
24.e5 Ne4 25.Qe3 Nc5 26.e6 Nxe6 27.Bxg4  1-0

[Event "BCF-ch"]
[Site "Brighton"]
[Date "1984.??.??"]
[Round "3"]
[White "Arkell, Keith C"]
[Black "Speelman, Jonathan S"]
[Result "0-1"]
[WhiteElo "2345"]
[BlackElo "2500"]

1.d4 d5 2.Nf3 Nf6 3.Bf4 c6 4.c3 g6 5.Nbd2 Bg7 6.e3 Nbd7 7.Bd3 Nh5 8.Bg5 h6
9.Bh4 g5 10.Ne5 Bxe5 11.Qxh5 Nf6 12.Qe2 Bxd4 13.exd4 gxh4 14.h3 Rg8 15.Qe3 Rxg2
16.Qxh6 Be6 17.Nf3 Qb6 18.O-O-O Rxf2 19.Bc2 O-O-O 20.Ng5 Qa6 21.Rd2 Rxd2
22.Kxd2 Qxa2 23.Nxe6 fxe6 24.Qe3 Ne4+ 25.Bxe4 dxe4 26.Kc2 e5 27.dxe5 Qa4+
28.Kb1 Rd1+ 29.Rxd1 Qxd1+ 30.Ka2 Qd5+ 31.Ka3 Qa5+ 32.Kb3 Qb6+ 33.Qxb6 axb6
34.Kc4 c5 35.b4 Kd7 36.Kd5 e3 37.e6+ Kc7 38.b5 e2 39.c4 Kb8  0-1

[Event "BCF-ch"]
[Site "Brighton"]
[Date "1984.??.??"]
[Round "4"]
[White "Speelman, Jonathan S"]
[Black "King, Daniel J"]
[Result "1-0"]
[WhiteElo "2500"]
[BlackElo "2435"]

1.Nf3 Nf6 2.c4 e6 3.g3 d5 4.d4 dxc4 5.Bg2 c5 6.O-O Nc6 7.dxc5 Qxd1 8.Rxd1 Bxc5
9.Nbd2 c3 10.bxc3 Bd7 11.Nb3 Bb6 12.Nfd4 Ng4 13.a4 a5 14.h3 Nge5 15.Ba3 Nc4
16.Bc5 Bc7 17.Nxc6 Bxc6 18.Bxc6+ bxc6 19.Nd4 Ne5 20.f4 Nd7 21.Ba3 Bb6 22.Kg2 Bc5
23.Bxc5 Nxc5 24.Nxc6 O-O 25.Kf3 Ra6 26.Ne5 Rc8 27.e3 Kf8 28.Rab1 Rc7 29.Rb8+ Ke7
30.Rg8 g6 31.Rdd8 Nxa4 32.Rge8+ Kf6 33.Ng4+  1-0

[Event "BCF-ch"]
[Site "Brighton"]
[Date "1984.??.??"]
[Round "5"]
[White "Hjorth, Greg"]
[Black "Speelman, Jonathan S"]
[Result "1/2-1/2"]
[WhiteElo "2440"]
[BlackElo "2500"]

1.e4 e6 2.Qe2 c5 3.g3 Nc6 4.Nf3 g6 5.Bg2 Bg7 6.O-O Nge7 7.c3 e5 8.d4 cxd4
9.cxd4 exd4 10.Bf4 d6 11.Na3 Bg4 12.h3 Bxf3 13.Qxf3 O-O 14.Qb3 Qd7 15.h4 Ne5
16.Nb5 N7c6 17.Rad1 Rad8 18.Nxd4 Nxd4 19.Rxd4 Nf3+ 20.Bxf3 Bxd4 21.Rd1 Bg7
22.e5 d5 23.Bxd5 Kh8 24.Qf3 Qf5 25.g4 Qc2 26.Rd2 Qc7 27.Re2 Qa5 28.Bb3 Qb5
29.h5 Rd3 30.Re3 Rxe3 31.Qxe3 g5 32.Bg3 h6 33.Qe4 Kg8 34.Qf5 a5 35.e6 Qxf5
36.gxf5 Bxb2 37.Bd6  1/2-1/2

[Event "BCF-ch"]
[Site "Brighton"]
[Date "1984.??.??"]
[Round "6"]
[White "Speelman, Jonathan S"]
[Black "Watson, William N"]
[Result "1/2-1/2"]
[WhiteElo "2500"]
[BlackElo "2450"]

1.Nf3 Nf6 2.c4 g6 3.g3 Bg7 4.Bg2 O-O 5.O-O d6 6.Nc3 e5 7.d3 Nc6 8.Rb1 a5
9.b3 h6 10.Bb2 Be6 11.d4 Bf5 12.Rc1 exd4 13.Nxd4 Nxd4 14.Qxd4 Ne4 15.Qd1 Re8
16.Ba1 Nxc3 17.Bxc3 Bxc3 18.Rxc3 Qf6 19.Qd2 Be4 20.Rfc1 Qg5 21.Qxg5  1/2-1/2

[Event "BCF-ch"]
[Site "Brighton"]
[Date "1984.??.??"]
[Round "7"]
[White "Botterill, George Steven"]
[Black "Speelman, Jonathan S"]
[Result "0-1"]
[WhiteElo "2430"]
[BlackElo "2500"]

1.Nf3 d5 2.c4 dxc4 3.e3 Nf6 4.Bxc4 e6 5.d4 a6 6.O-O c5 7.Qe2 b5 8.Bb3 Bb7
9.Rd1 Nbd7 10.Nc3 Qb8 11.d5 exd5 12.Bxd5 Nxd5 13.Nxd5 Bxd5 14.Rxd5 Qb7 15.e4 Be7
16.Bg5 Nb6 17.Rad1 h6 18.Bxe7 Nxd5 19.Bxc5 Ne7 20.Ne5 Rc8 21.Qg4 O-O 22.b4 Rfd8
23.Re1 Nc6 24.Nxc6 Qxc6 25.h4 Rd3 26.e5 Qe6 27.Qe4 Rcd8 28.Bd6 Rd2 29.a3 Re8
30.Qe3 Qd5 31.Rc1 Rd3 32.Qa7 Rxa3 33.Qd7 Qe6 34.Qxe6 Rxe6 35.Rc8+ Kh7 36.h5 Rd3
37.Rc6 f6 38.f4 fxe5 39.fxe5 Rd5 40.Rc8 Rdxe5 41.Bxe5 Rxe5 42.Rc5 Re4  0-1

[Event "BCF-ch"]
[Site "Brighton"]
[Date "1984.??.??"]
[Round "8"]
[White "Speelman, Jonathan S"]
[Black "Short, Nigel D"]
[Result "1/2-1/2"]
[WhiteElo "2500"]
[BlackElo "2510"]

1.d4 Nf6 2.c4 e6 3.Nc3 Bb4 4.e3 c5 5.Bd3 Nc6 6.Ne2 d5 7.cxd5 exd5 8.a3 cxd4
9.axb4 dxc3 10.b5 Ne5 11.Nxc3 Nxd3+ 12.Qxd3 O-O 13.O-O Be6 14.Ne2 Qb6 15.Bd2 Bd7
16.Nd4 Rfc8 17.f3 Ne8 18.Ba5 Qh6 19.b3 Qg6 20.Qe2 Nd6 21.Rfc1 Nf5  1/2-1/2

[Event "BCF-ch"]
[Site "Brighton"]
[Date "1984.??.??"]
[Round "10"]
[White "Speelman, Jonathan S"]
[Black "Basman, Michael J"]
[Result "1-0"]
[WhiteElo "2500"]
[BlackElo "2390"]

1.e4 e6 2.Nc3 b6 3.d4 Bb7 4.Bd3 Nf6 5.Nge2 c5 6.d5 a6 7.a4 exd5 8.exd5 Nxd5
9.Nxd5 Bxd5 10.Nf4 Be6 11.Be4 Ra7 12.O-O Be7 13.Ra3 O-O 14.Rg3 f5 15.Bd5 Rf6
16.Re1 Bxd5 17.Qxd5+ Rf7 18.Nh5 g6 19.Bh6 Nc6 20.Rge3  1-0

[Event "BCF-ch"]
[Site "Brighton"]
[Date "1984.??.??"]
[Round "11"]
[White "Thipsay, Praveen Mahadeo"]
[Black "Speelman, Jonathan S"]
[Result "0-1"]
[WhiteElo "2445"]
[BlackElo "2500"]

1.e4 c6 2.d4 d5 3.Nc3 dxe4 4.Nxe4 Nd7 5.Nf3 Ngf6 6.Ng3 e6 7.Bd3 c5 8.c3 cxd4
9.Nxd4 Bc5 10.Bc2 O-O 11.O-O Qc7 12.Re1 Rd8 13.Be3 b6 14.Qe2 Bb7 15.Rad1 a6
16.Bb1 Rac8 17.Qc2 Nf8 18.Qe2 Rd7 19.Nf3 Bxe3 20.Qxe3 Rcd8 21.Rxd7 Rxd7 22.Nd4 Nd5
23.Qc1 Nf4 24.Be4 Rxd4 25.cxd4 Qxc1 26.Rxc1 Bxe4 27.f3 Bd5 28.a3 f5 29.Rc8 Kf7
30.Rc7+ Kf6 31.b4 N8g6 32.Ra7 Bc4 33.Rb7 b5 34.Rb6 Nh4 35.Rxa6 Nhxg2 36.Nf1 Ne1
37.Nd2 Nh3+ 38.Kh1 Bd5  0-1

[Event "White Knights"]
[Site "Leningrad"]
[Date "1984.??.??"]
[Round "?"]
[White "Taimanov, Mark E"]
[Black "Speelman, Jonathan S"]
[Result "1/2-1/2"]
[WhiteElo "2515"]
[BlackElo "2495"]

1.d4 Nf6 2.c4 e6 3.Nc3 Bb4 4.e3 O-O 5.Bd3 d5 6.Nf3 c5 7.O-O dxc4 8.Bxc4 Nbd7
9.a3 cxd4 10.Nb5 Be7 11.Nbxd4 e5 12.Nf5 Nb6 13.Nxe7+ Qxe7 14.Be2 Rd8 15.Bd2 Bg4
16.Qe1 Nbd5 17.Rc1 Ne4 18.Bb4 Nxb4  1/2-1/2

[Event "White Knights"]
[Site "Leningrad"]
[Date "1984.??.??"]
[Round "?"]
[White "Speelman, Jonathan S"]
[Black "Yudasin, Leonid"]
[Result "1-0"]
[WhiteElo "2495"]
[BlackElo "2460"]

1.Nf3 Nf6 2.c4 e6 3.Nc3 b6 4.e4 Bb7 5.Bd3 c5 6.e5 Ng4 7.O-O Nc6 8.Be4 Qc8
9.Re1 d6 10.exd6 Bxd6 11.d4 Nxd4 12.Bxb7 Qxb7 13.Nxd4 Bxh2+ 14.Kf1 cxd4 15.Qxg4 dxc3
16.Qh5 Bd6 17.Rxe6+ Be7 18.Bg5 cxb2 19.Rb1 O-O 20.Rxe7 Qc6 21.Rxb2 Qxc4+
22.Qe2 Qc5 23.Re5 Qc3 24.Rc2 Qb4 25.Rc1 Qa3 26.Re1 Qa4 27.Qe4 Qa6+ 28.Kg1 Rac8
29.Be7 Rfe8 30.Qg4 Qc4 31.Bf6  1-0

[Event "White Knights"]
[Site "Leningrad"]
[Date "1984.??.??"]
[Round "?"]
[White "Speelman, Jonathan S"]
[Black "Uhlmann, Wolfgang"]
[Result "0-1"]
[WhiteElo "2495"]
[BlackElo "2505"]

1.d4 Nf6 2.Nf3 g6 3.c4 Bg7 4.Nc3 O-O 5.e4 d6 6.Be2 e5 7.O-O Nc6 8.d5 Ne7
9.Ne1 Nd7 10.Be3 f5 11.f3 f4 12.Bf2 g5 13.Rc1 Rf6 14.b4 Rh6 15.c5 a6 16.cxd6 cxd6
17.g4 fxg3 18.hxg3 Ng6 19.Ng2 Nf4 20.gxf4 gxf4 21.Bh4 Bf6 22.Bxf6 Nxf6 23.Kf2 Rh2
24.Kg1 Rh3 25.Kf2 Rg3 26.Nxf4 exf4 27.Qd4 Ng4+ 28.Ke1 Ne5 29.Kd2 Bh3 30.Rg1 Bg2
31.Na4 Bxf3 32.Nb6 Bxe2 33.Kxe2 Qg5 34.Nxa8 f3+ 35.Kf2 Rg2+ 36.Rxg2 Qxg2+
37.Ke3 Qg5+  0-1

[Event "White Knights"]
[Site "Leningrad"]
[Date "1984.??.??"]
[Round "?"]
[White "Speelman, Jonathan S"]
[Black "Rivas Pastor, Manuel"]
[Result "1/2-1/2"]
[WhiteElo "2495"]
[BlackElo "2500"]

1.c4 e6 2.Nf3 Nf6 3.g3 d5 4.d4 Be7 5.Bg2 O-O 6.O-O dxc4 7.Qc2 a6 8.Qxc4 b5
9.Qc2 Bb7 10.Bd2 Be4 11.Qc1 Nc6 12.Be3 Nb4 13.Nbd2 Bb7 14.Bg5 Rc8 15.Bxf6 Bxf6
16.a3 Nd5 17.Rd1 Nb6 18.Nb3 Na4 19.Nc5 Nxc5 20.dxc5 Qe8 21.Qc2 Bc6 22.e4 Rd8
23.Rxd8 Qxd8  1/2-1/2

[Event "White Knights"]
[Site "Leningrad"]
[Date "1984.??.??"]
[Round "?"]
[White "Speelman, Jonathan S"]
[Black "Pytel, Krzysztof"]
[Result "1/2-1/2"]
[WhiteElo "2495"]
[BlackElo "2410"]

1.Nf3 Nf6 2.c4 g6 3.Nc3 Bg7 4.e4 O-O 5.d4 d6 6.Be2 e5 7.Be3 c6 8.d5 Ng4 9.Bg5 f6
10.Bh4 h5 11.h3 Nh6 12.Nd2 Nd7 13.g4 hxg4 14.hxg4 Nf7 15.Qc2 Bh6 16.O-O-O Kg7
17.Kb1 Rh8 18.Nb3 c5 19.Bg3  1/2-1/2

[Event "White Knights"]
[Site "Leningrad"]
[Date "1984.??.??"]
[Round "?"]
[White "Speelman, Jonathan S"]
[Black "Lukin, Andrei M"]
[Result "1/2-1/2"]
[WhiteElo "2495"]
[BlackElo "2470"]

1.Nf3 d5 2.d4 c5 3.dxc5 e6 4.e4 Bxc5 5.exd5 exd5 6.Bd3 Nf6 7.O-O O-O 8.Nc3 Nc6
9.Bg5 h6 10.Bxf6 Qxf6 11.Nxd5 Qxb2 12.Rb1 Qxa2 13.Ra1  1/2-1/2

[Event "White Knights"]
[Site "Leningrad"]
[Date "1984.??.??"]
[Round "?"]
[White "Yermolinsky, Alex"]
[Black "Speelman, Jonathan S"]
[Result "1-0"]
[WhiteElo "2420"]
[BlackElo "2495"]

1.Nf3 d5 2.d4 Nf6 3.c4 dxc4 4.Nc3 e6 5.e4 Bb4 6.Bg5 c5 7.Bxc4 cxd4 8.Nxd4 Qa5
9.Bxf6 Bxc3+ 10.bxc3 Qxc3+ 11.Kf1 Qxc4+ 12.Kg1 Nd7 13.Rc1 Qb4 14.Bxg7 Rg8
15.Nxe6 fxe6 16.Qh5+ Kd8 17.Qxh7 Rxg7 18.Qxg7 Qd2 19.Qc3 Qxc3 20.Rxc3 Nf6
21.f3 Bd7 22.Kf2 Bc6 23.Ke3 Ke7 24.h4 Rg8 25.g4 e5 26.h5 Nh7 27.h6 Ke6 28.Rh5 Rg5
29.Rc1 Kf6 30.Rh2 Rg8 31.Rh5 Ke6 32.Rd1 Nf6 33.Rf5 Nxg4+ 34.fxg4 Rxg4 35.Rh5 Rxe4+
36.Kd2 Rd4+ 37.Kc1 Rc4+ 38.Kb2 Bf3 39.h7 Rc8 40.Rh6+  1-0

[Event "White Knights"]
[Site "Leningrad"]
[Date "1984.??.??"]
[Round "?"]
[White "Aseev, Konstantin N"]
[Black "Speelman, Jonathan S"]
[Result "1/2-1/2"]
[WhiteElo "2390"]
[BlackElo "2495"]

1.e4 e6 2.d4 d5 3.Nd2 c5 4.Ngf3 cxd4 5.exd5 Qxd5 6.Bc4 Qd6 7.O-O Nc6 8.Nb3 Nf6
9.Nbxd4 Nxd4 10.Nxd4 a6 11.Re1 Be7 12.c3 O-O 13.Qf3 Qc7 14.Bd3 Bd6 15.Kh1 Be5
16.Bg5 h6 17.Bh4 Bd7 18.Qe3  1/2-1/2

[Event "White Knights"]
[Site "Leningrad"]
[Date "1984.??.??"]
[Round "?"]
[White "Hjartarson, Johann"]
[Black "Speelman, Jonathan S"]
[Result "0-1"]
[WhiteElo "2415"]
[BlackElo "2495"]

1.d4 Nf6 2.c4 e6 3.g3 d5 4.Bg2 dxc4 5.Nf3 a6 6.O-O b5 7.Ne5 Nd5 8.Nc3 Bb7
9.Nxd5 exd5 10.b3 c3 11.Qd3 f6 12.Ng4 Qd7 13.h3 b4 14.e4 Nc6 15.exd5 Ne7
16.Ne3 O-O-O 17.a3 Qb5 18.Qxb5 axb5 19.axb4 Nxd5 20.Ra7 c6 21.Nxd5 cxd5 22.h4 Kc7
23.Re1 Kb6 24.Ra2 Bxb4 25.Re6+ Bc6 26.Rae2 Bd6  0-1

[Event "White Knights"]
[Site "Leningrad"]
[Date "1984.??.??"]
[Round "?"]
[White "Cherepkov, Alexander V"]
[Black "Speelman, Jonathan S"]
[Result "1/2-1/2"]
[WhiteElo "2425"]
[BlackElo "2495"]

1.d4 Nf6 2.c4 e6 3.Nc3 d5 4.cxd5 exd5 5.Bg5 Be7 6.e3 Nbd7 7.Bd3 O-O 8.Nge2 Re8
9.O-O c6 10.a3 a5 11.Qc2 Nf8 12.Bxf6 Bxf6 13.b4 Bg4 14.h3 Bxe2 15.Nxe2 Qc7
16.Rab1 Rec8 17.Rfc1 g6 18.Qb3 axb4 19.axb4 Ne6 20.Nc3 b5 21.Ne2 Qd6 22.Rc3 Rcb8
23.Nc1 Bd8 24.Qc2 Rb6 25.Nb3 Bc7 26.g3 Ra3 27.Nc5 Rxc3 28.Qxc3 Rb8 29.Nxe6 Qxe6
30.Kg2 h5 31.h4 Ra8 32.Rc1 Ra6 33.Re1 Bd6 34.e4 dxe4 35.Bxe4 Qc4 36.Qxc4 bxc4
37.Rc1 Rb6 38.Rxc4 Rxb4  1/2-1/2

[Event "London"]
[Site "London"]
[Date "1984.??.??"]
[Round "?"]
[White "Nunn, John DM"]
[Black "Speelman, Jonathan S"]
[Result "1/2-1/2"]
[WhiteElo "2600"]
[BlackElo "2495"]

1.e4 e6 2.d4 d5 3.Nd2 c5 4.Ngf3 cxd4 5.exd5 Qxd5 6.Bc4 Qd6 7.O-O Nf6 8.Nb3 Nc6
9.Nbxd4 Nxd4 10.Nxd4 a6 11.c3 Qc7 12.Bb3 Bd6 13.h3 O-O 14.Bg5 Bf4 15.Bxf6 gxf6
16.Qg4+ Kh8 17.Qh4 Bg5 18.Qh5 Rg8 19.Nf3 Bf4 20.Bc2 Rg7 21.Rfd1 Bd7 22.Qh4 Bc6
23.Rd4 e5 24.Rc4 b5 25.Rxc6 Qxc6 26.Kh1 b4 27.Re1 Rag8 28.c4 Qxc4 29.Bxh7  1/2-1/2

[Event "London"]
[Site "London"]
[Date "1984.??.??"]
[Round "?"]
[White "Polugaevsky, Lev"]
[Black "Speelman, Jonathan S"]
[Result "0-1"]
[WhiteElo "2615"]
[BlackElo "2495"]

1.d4 Nf6 2.c4 e6 3.Nf3 b6 4.Nc3 Bb4 5.Qc2 Bb7 6.a3 Bxc3+ 7.Qxc3 a5 8.b3 O-O
9.e3 d6 10.Bd3 Nbd7 11.Bb2 Qe7 12.O-O Ne4 13.Qc2 f5 14.Ne1 Qg5 15.Bc1 Qg6
16.f3 Ng5 17.h4 Ne4 18.h5 Qxh5 19.fxe4 fxe4 20.Bxe4 Rxf1+ 21.Kxf1 Rf8+ 22.Bf3 e5
23.Ke2 Rxf3 24.gxf3 e4 25.d5 exf3+ 26.Nxf3 Ne5 27.Qe4 Bc8 28.Bd2 Bf5 29.Qf4 Nxf3
30.e4 Ne5+ 31.Kf1 Bh3+ 32.Kg1 Qg6+  0-1

[Event "London"]
[Site "London"]
[Date "1984.??.??"]
[Round "?"]
[White "Speelman, Jonathan S"]
[Black "Andersson, Ulf"]
[Result "1/2-1/2"]
[WhiteElo "2495"]
[BlackElo "2630"]

1.Nf3 Nf6 2.c4 e6 3.Nc3 d5 4.d4 Nbd7 5.Bg5 Be7 6.e3 Ne4 7.Bxe7 Qxe7 8.Qb3 c6
9.Be2 O-O 10.O-O Nxc3 11.Qxc3 dxc4 12.Bxc4 b6 13.Qd3 Rd8 14.Rfd1 a6 15.Qe4 Bb7
16.Ne5 Rac8 17.Bd3 g6 18.Be2 Rc7 19.Ng4 Nf6 20.Nxf6+ Qxf6 21.Bf3 c5 22.Qe5 Qxe5
23.dxe5 Rxd1+ 24.Rxd1 Bxf3 25.gxf3 b5 26.Rd6 a5 27.Ra6 a4 28.Ra5 Rb7 29.Ra8+ Kg7
30.Rc8 c4 31.Rc5 g5 32.h4 gxh4 33.Kg2 Kg6 34.f4 Kh5 35.Kh3 Rd7 36.Rxb5 Rd2
37.Rb7 Rxf2 38.Rxf7 Rf3+ 39.Kg2 Rxe3 40.Kf2 Rd3 41.f5 exf5 42.Rxf5+ Kg4 43.e6 Rd2+
44.Kf1 Rd1+ 45.Kf2 Rd2+ 46.Kf1 Kxf5 47.e7 a3 48.bxa3 h3 49.e8=Q h2 50.Qc8+  1/2-1/2

[Event "London"]
[Site "London"]
[Date "1984.??.??"]
[Round "?"]
[White "Speelman, Jonathan S"]
[Black "Mestel, A Jonathan"]
[Result "1/2-1/2"]
[WhiteElo "2495"]
[BlackElo "2540"]

1.d4 Nf6 2.Nf3 g6 3.g3 Bg7 4.Bg2 O-O 5.O-O d6 6.Re1 Nbd7 7.e4 e5 8.h3 c6
9.a4 Re8 10.Nc3 exd4 11.Nxd4 a5 12.Be3 Nc5 13.f3 Qe7 14.Qd2 Bd7 15.Bf2  1/2-1/2